<?xml version="1.0" encoding="UTF-8"?>
<record
    xmlns:xsi="http://www.w3.org/2001/XMLSchema-instance"
    xsi:schemaLocation="http://www.loc.gov/MARC21/slim http://www.loc.gov/standards/marcxml/schema/MARC21slim.xsd"
    xmlns="http://www.loc.gov/MARC21/slim">

  <leader>01872nam a22002411  4500</leader>
  <controlfield tag="001">125513</controlfield>
  <controlfield tag="003">ES-MaACL</controlfield>
  <controlfield tag="005">20250927101137.0</controlfield>
  <controlfield tag="007">t|</controlfield>
  <controlfield tag="008">070614m19271939fr           ||||0| fre d</controlfield>
  <datafield tag="080" ind1=" " ind2=" ">
    <subfield code="a">913(100)</subfield>
  </datafield>
  <datafield tag="245" ind1="0" ind2="0">
    <subfield code="a">G&#xE9;ographie universelle / </subfield>
    <subfield code="c">publi&#xE9;e sous la direction de P. Vidal de la Blache et L[ucien] Gallois.</subfield>
  </datafield>
  <datafield tag="260" ind1=" " ind2=" ">
    <subfield code="a">Paris ; </subfield>
    <subfield code="a">[Coulommiers : </subfield>
    <subfield code="b">Armand Colin, </subfield>
    <subfield code="c">1927-1939.</subfield>
  </datafield>
  <datafield tag="300" ind1=" " ind2=" ">
    <subfield code="a">16 v. : </subfield>
    <subfield code="b">il., mapas ; </subfield>
    <subfield code="c">28 cm.</subfield>
  </datafield>
  <datafield tag="500" ind1=" " ind2=" ">
    <subfield code="a">Faltan los v. 11-13.</subfield>
  </datafield>
  <datafield tag="505" ind1="8" ind2=" ">
    <subfield code="a">Contiene: I. Les Iles Britaniques / A. Demangeon, 1927 - II. Belgique ; Pays Bas ; Luxembourg / A. Demangeon, 1927 - III. Etats scandinaves ; Regions polaires boreales / Maurice Zimmermann, 1933 - IV. Europe centrale / Emm. de Martonne, 2 v., 1&#xE8;re. partie: Generalit&#xE9;s . Allemagne, 1930 ; 2&#xE8;me. partie: Suisse-Autriche-Hongrie-Tchecoslovaquie-Pologne-Romanie, 1931 - V. Etats de la Battique ; Russie / P. Camena d'Almeida - VI. La France ; France physique / Emm. de Martonne, 1942 - VII. Mediterr&#xE1;nee ; Peninsules mediterr&#xE1;nes, 1e. partie: Generalit&#xE8;s / Max Lorre; Jules Sion . Espagne-Portugal / Max Lorre, 1934 ; 2e. partie: Italie / Jules Sion . Pays Balkaniques / Y. Chataigneau; Jules Sion, 1934 - VIII. Asie occidentale / R. Blanchard . Haute Asie / Fernand Grenard, 1929 - IX. Asie des Moussons / J. Sion, 2 v. ; 1ere. partie: G&#xE9;n&#xE9;ralites-Chine-Japon, 1928 ; 2e. partie: Inde-Indochine-Insuhide, 1929 - X. Oc&#xE9;anie / Paul Privat Deschauel . Regions polaires australes / Maurice Zimmermann, 1930 - XIV. Mexique-Amerique centrale /  Max Lorre, 1928 - XV. Amerique du sud / P. Denis, 2 v.,  1927</subfield>
  </datafield>
  <datafield tag="650" ind1=" " ind2="7">
    <subfield code="a">Geograf&#xED;a</subfield>
    <subfield code="2">embne</subfield>
    <subfield code="9">13070</subfield>
  </datafield>
  <datafield tag="700" ind1="1" ind2=" ">
    <subfield code="a">Vidal de La Blache, Paul.</subfield>
    <subfield code="9">114479</subfield>
  </datafield>
  <datafield tag="700" ind1="1" ind2=" ">
    <subfield code="a">Gallois, Lucien.</subfield>
    <subfield code="9">53643</subfield>
  </datafield>
  <datafield tag="700" ind1="1" ind2=" ">
    <subfield code="a">Camena d'Almeida, Pierre, </subfield>
    <subfield code="d">1865-1943</subfield>
    <subfield code="9">34052</subfield>
  </datafield>
  <datafield tag="852" ind1=" " ind2=" ">
    <subfield code="a">ES-MaACL</subfield>
    <subfield code="j">C-29307-22</subfield>
  </datafield>
  <datafield tag="999" ind1=" " ind2=" ">
    <subfield code="c">125513</subfield>
    <subfield code="d">125513</subfield>
  </datafield>
  <datafield tag="952" ind1=" " ind2=" ">
    <subfield code="0">0</subfield>
    <subfield code="1">0</subfield>
    <subfield code="4">0</subfield>
    <subfield code="7">0</subfield>
    <subfield code="a">ATENEOM</subfield>
    <subfield code="b">ATENEOM</subfield>
    <subfield code="c">DEPO2</subfield>
    <subfield code="d">2008-01-17</subfield>
    <subfield code="e">SC</subfield>
    <subfield code="l">0</subfield>
    <subfield code="o">C-29307-22</subfield>
    <subfield code="p">1130752</subfield>
    <subfield code="r">2023-02-23 00:00:00</subfield>
    <subfield code="w">2023-02-23</subfield>
    <subfield code="y">MONOGRAFIA</subfield>
  </datafield>
</record>
